| 000 | 00862nam a2200265Ia 4500 | ||
|---|---|---|---|
| 003 | OSt | ||
| 005 | 20221005085452.0 | ||
| 006 | a|||||r|||| 00| 0 | ||
| 007 | ta | ||
| 008 | 221004b |||||||| |||| 00| 0 eng d | ||
| 020 |
_a9780823286461 (pbk) _cUKP 25.99 |
||
| 024 | _a65237 | ||
| 037 |
_b8711, 17/12/2019, Efficient Book Distributors _cTextual |
||
| 040 |
_aCRL _cCRL _beng |
||
| 041 |
_2eng _aeng |
||
| 082 | _aR, R0 | ||
| 100 |
_aHenaff Marcel Au. _9614226 |
||
| 245 | 0 |
_aPhilosophers' gift _b reexamining reciprocity |
|
| 260 |
_aNew York _bFordham University Press USA _c2020 |
||
| 300 |
_aviii,255p. _ccm. |
||
| 650 | _aPHILOSOPHY | ||
| 700 |
_a Morhange Jean - Louis Tr. _9614227 |
||
| 942 |
_hR, R0 _cTEXL _2cc |
||
| 999 |
_c994270 _d994270 |
||